000 00470nam a2200133Ia 4500
008 170516s9999 xx 000 0 und d
245 _aEvaluation of a 3-hydroxypyridin-2-one (2,3-HOPO) Based Macrocyclic Chelator for 89Zr4+ and Its Use for ImmunoPET Imaging of HER2 Positive Model of Ovarian Carcinoma in Mice
260 _bTheranostics
260 _c2016
300 _a6:4
650 _xMedical Technology
650 _xMedtech
856 _uhttp://www.thno.org/v6i4
999 _c330238
_d330238